[Event "DRAGHIEN"]
[Site "SchemingMind.com"]
[Date "2016.05.27"]
[Round "-"]
[White "David Hartley"]
[Black "emvarela"]
[Result "1-0"]
[WhiteCountry "ENG"]
[BlackCountry "ARG"]
[WhiteElo "1797"]
[WhiteRD "69"]
[BlackElo "1712"]
[BlackRD "48"]
[GameID "399591"]

1. e4 e5 2. Nf3 Nc6 3. Bc4 Nf6 4. d3 h6 5. Nc3 Bb4 6. Bd2 Bxc3 7. Bxc3 d6 8. O-O O-O 9. h3 Qe7 10. Re1 Be6
11. Bxe6 Qxe6 12. Nd2 d5 13. exd5 Nxd5 14. Bxe5 Rfe8 15. Nf3 Nxe5 16. Nxe5 Qd6 17. Nf3 Kf8 18. Rxe8+ Rxe8 19. Qd2 c5 20. Re1 Rxe1+
21. Qxe1 Qe6 22. Qxe6 fxe6 23. a3 g5 24. Kf1 Ke7 25. g3 Kf6 26. c4 Kf5 27. cxd5 exd5 28. Ke2 d4 29. Ne1 b5 30. b4 c4
31. Nf3 cxd3+ 32. Kxd3
1-0

[Event "DRAGHIEN"]
[Site "SchemingMind.com"]
[Date "2016.05.29"]
[Round "-"]
[White "Mitch The Man"]
[Black "MathiasNowak"]
[Result "1-0"]
[WhiteCountry "USA"]
[BlackCountry "INT"]
[WhiteElo "1465"]
[WhiteRD "65"]
[BlackElo "1292"]
[BlackRD "120"]
[GameID "399733"]

1. e4 e5 2. Nf3 Nc6 3. c3 d5 4. Bd3 Nf6 5. exd5 Qxd5 6. Qe2 Be6 7. c4 Qd7 8. O-O O-O-O 9. Bc2 Bg4 10. Qe3 e4
11. Ne1 Nd4 12. Nc3 Kb8 13. Ba4
1-0

[Event "DRAGHIEN"]
[Site "SchemingMind.com"]
[Date "2016.05.28"]
[Round "-"]
[White "echecs"]
[Black "MathiasNowak"]
[Result "1-0"]
[WhiteCountry "ENG"]
[BlackCountry "INT"]
[WhiteElo "1838"]
[WhiteRD "65"]
[BlackElo "1292"]
[BlackRD "120"]
[GameID "399735"]

1. e4 e5 2. Nf3 Nf6 3. d3 Nc6 4. Nc3 d5 5. exd5 Nxd5 6. Bd2 f6 7. Be2 Be7 8. O-O O-O 9. Nxd5 Qxd5 10. a3 a5
11. b3 Be6 12. Re1 Bc5 13. h3 Rad8 14. Be3 Bxe3 15. fxe3
1-0

[Event "DRAGHIEN"]
[Site "SchemingMind.com"]
[Date "2016.05.28"]
[Round "-"]
[White "MathiasNowak"]
[Black "Phillip Beckett"]
[Result "1-0"]
[WhiteCountry "INT"]
[BlackCountry "ENG"]
[WhiteElo "2062"]
[WhiteRD "210"]
[BlackElo "1556"]
[BlackRD "49"]
[GameID "399738"]

1. e4 e5 2. f4 Qh4+ 3. g3 Qe7 4. d3 exf4 5. Bxf4 d5 6. Nc3 dxe4 7. Nd5 Qd7 8. Nxc7+ Kd8 9. Nxa8 exd3 10. Bxb8 dxc2
11. Qxc2 Bb4+ 12. Kf2 Qd4+ 13. Kg2 Qd5+ 14. Nf3 Ke8 15. Nc7+
1-0

[Event "DRAGHIEN"]
[Site "SchemingMind.com"]
[Date "2016.05.28"]
[Round "-"]
[White "MathiasNowak"]
[Black "Scooter"]
[Result "1-0"]
[WhiteCountry "INT"]
[BlackCountry "USA"]
[WhiteElo "2062"]
[WhiteRD "210"]
[BlackElo "1731"]
[BlackRD "47"]
[GameID "399739"]

1. e4 c6 2. d4 d5 3. e5 Bf5 4. Be2 e6 5. Nf3 h6 6. O-O Nd7 7. Nbd2 c5 8. c4 dxc4 9. Nxc4 cxd4 10. Nxd4 Bg6
11. Be3 a6 12. Nxe6 fxe6 13. Bh5 Ne7 14. Nd6#
1-0

[Event "DRAGHIEN"]
[Site "SchemingMind.com"]
[Date "2016.06.02"]
[Round "-"]
[White "Stephen Woodhouse"]
[Black "Kenny Elliott"]
[Result "1-0"]
[WhiteCountry "ENG"]
[BlackCountry "USA"]
[WhiteElo "1849"]
[WhiteRD "52"]
[BlackElo "1563"]
[BlackRD "87"]
[GameID "399771"]

1. e4 c5 2. c3 d6 3. d4 Nc6 4. Nf3 Bg4 5. Be2 Nf6 6. h3 Bh5 7. Nbd2 e6 8. O-O Be7 9. Re1 O-O 10. Nh2 Bxe2
11. Qxe2 d5 12. e5 Nd7 13. Ndf3 Re8 14. Bf4 Qb6 15. Qd2 Qc7 16. Ng4 Na5 17. b3 h5 18. Ne3 g6 19. g4 hxg4 20. hxg4 Kg7
21. Kg2 f6 22. exf6+ Nxf6 23. Bxc7
1-0

[Event "DRAGHIEN"]
[Site "SchemingMind.com"]
[Date "2016.05.30"]
[Round "-"]
[White "David Hartley"]
[Black "Stephen Woodhouse"]
[Result "1-0"]
[WhiteCountry "ENG"]
[BlackCountry "ENG"]
[WhiteElo "1824"]
[WhiteRD "70"]
[BlackElo "1860"]
[BlackRD "54"]
[GameID "399772"]

1. e4 d5 2. exd5 Qxd5 3. Nc3 Qd6 4. d4 Nf6 5. Nf3 c6 6. h3 Bf5 7. Bc4 Nbd7 8. O-O Nb6 9. Bb3 Nbd5 10. Nxd5 Nxd5
11. c3 O-O-O 12. Bc2 Bxc2 13. Qxc2 h6 14. Qf5+ Qe6 15. Qxe6+ fxe6 16. Re1 Kd7 17. Ne5+ Ke8 18. Ng6 Rg8 19. Bd2 Nc7 20. Re2 Kf7
21. Nxf8 Rgxf8 22. Rae1 Rd5 23. Bf4 Rc8 24. Bxc7 Rxc7 25. Rxe6 Ra5 26. a3 Rd7 27. R6e2 Rad5 28. Re5 c5 29. Rxd5 Rxd5 30. dxc5 Rxc5
31. Rd1 Ke6 32. Kf1 Rb5 33. Rd2 Kf5 34. b4 Rb6 35. c4 Ke6 36. b5 a6 37. a4 axb5 38. axb5 Ke5 39. g3 g5 40. Ke2 Ke4
41. f3+ Kf5 42. Rd5+ e5 43. Ke3 Re6 44. c5 h5 45. f4 gxf4+ 46. gxf4 Kf6 47. fxe5+ Rxe5+ 48. Kd4 Rxd5+ 49. Kxd5 Ke7 50. Ke5
1-0

[Event "DRAGHIEN"]
[Site "SchemingMind.com"]
[Date "2016.06.04"]
[Round "-"]
[White "Stephen Woodhouse"]
[Black "emvarela"]
[Result "1-0"]
[WhiteCountry "ENG"]
[BlackCountry "ARG"]
[WhiteElo "1860"]
[WhiteRD "54"]
[BlackElo "1693"]
[BlackRD "50"]
[GameID "399773"]

1. e4 e5 2. Nf3 Nc6 3. d4 exd4 4. Nxd4 Nxd4 5. Qxd4 Qf6 6. Be3 Qxd4 7. Bxd4 f6 8. Nc3 Bb4 9. O-O-O Bxc3 10. Bxc3 Ne7
11. Bc4 c6 12. Rhe1 b5 13. Be2 O-O 14. Bg4 d5 15. Bxc8 Raxc8 16. Bb4 c5 17. exd5 cxb4 18. Rxe7 Rf7 19. d6 Rd8 20. Rd3 Rxe7
21. dxe7 Re8 22. Rd7 Kf7 23. Rxa7 Rxe7 24. Rxe7+ Kxe7 25. Kd2 Kd6 26. c3 Kc5 27. cxb4+ Kxb4 28. Kd3 Kc5 29. a3 g6 30. b3 h6
31. Ke4 h5 32. a4 bxa4 33. bxa4 Kb4 34. Kd5
1-0

[Event "DRAGHIEN"]
[Site "SchemingMind.com"]
[Date "2016.05.30"]
[Round "-"]
[White "Mitch The Man"]
[Black "Stephen Woodhouse"]
[Result "0-1"]
[WhiteCountry "USA"]
[BlackCountry "ENG"]
[WhiteElo "1465"]
[WhiteRD "65"]
[BlackElo "1849"]
[BlackRD "52"]
[GameID "399774"]

1. e4 d5 2. Bd3 dxe4 3. Bxe4 Nf6 4. Bf3 e5 5. Qe2 Bd6 6. h3 O-O 7. Qd3 Re8 8. Be4 Nbd7 9. Ne2 Nc5 10. Qf3 Ncxe4
11. O-O Ng5 12. Qb3 b6 13. d3 Bb7 14. Bxg5 h6 15. Bxf6 Qxf6 16. Ng3 Qg6 17. Re1 Kh8 18. Nd2 h5 19. Nde4 h4 20. Nh1 f5
21. Rad1 fxe4 22. dxe4 Bxe4 23. Rxe4 Qxe4 24. c4 Qf4 25. Qc3 e4 26. Re1 Qh2+ 27. Kf1 Qxh1+ 28. Ke2 Qxg2 29. Qe3 Bc5
0-1

[Event "DRAGHIEN"]
[Site "SchemingMind.com"]
[Date "2016.05.31"]
[Round "-"]
[White "echecs"]
[Black "Stephen Woodhouse"]
[Result "0-1"]
[WhiteCountry "ENG"]
[BlackCountry "ENG"]
[WhiteElo "1838"]
[WhiteRD "65"]
[BlackElo "1849"]
[BlackRD "52"]
[GameID "399775"]

1. e4 e6 2. d4 d5 3. e5 c5 4. c3 Nc6 5. Nf3 Bd7 6. a3 Nge7 7. Be2 Nf5 8. O-O cxd4 9. cxd4 Be7 10. b4 Nh4
11. Nxh4 Bxh4 12. Be3 O-O 13. Nd2 Bg5 14. Nb3 Bxe3 15. fxe3 b6 16. Bd3 Qg5 17. Rf3 f5 18. Rg3 Qe7 19. Qh5 Be8 20. Qh6 Bg6
21. Qf4 Qf7 22. Rf1 h6 23. Be2 Kh8 24. Rh3 Bh7 25. Rff3 g5 26. Qg3 g4 27. Rxf5 Qxf5
0-1

[Event "DRAGHIEN"]
[Site "SchemingMind.com"]
[Date "2016.05.30"]
[Round "-"]
[White "Stephen Woodhouse"]
[Black "Phillip Beckett"]
[Result "1-0"]
[WhiteCountry "ENG"]
[BlackCountry "ENG"]
[WhiteElo "1849"]
[WhiteRD "52"]
[BlackElo "1549"]
[BlackRD "52"]
[GameID "399776"]

1. e4 e5 2. Nf3 Nc6 3. d4 exd4 4. Nxd4 Bc5 5. Nxc6 Qf6 6. Qf3 dxc6 7. Nc3 Qxf3 8. gxf3 Bd7 9. Be3 Bxe3 10. fxe3 O-O-O
11. O-O-O Ne7 12. Bc4 f6 13. Rhg1 Ng6 14. Ne2 Ne5 15. Bb3 g6 16. f4 Nf3 17. Rg2 g5 18. Nd4 Nxd4 19. Rxd4 Bh3 20. Rg3 g4
21. Be6+ Kb8 22. Bxg4 Bxg4 23. Rxg4 Kc8 24. Rg7 Rxd4 25. exd4 Re8 26. e5 fxe5 27. dxe5 Rf8 28. e6 Rxf4 29. Rg8+
1-0

[Event "DRAGHIEN"]
[Site "SchemingMind.com"]
[Date "2016.05.30"]
[Round "-"]
[White "Stephen Woodhouse"]
[Black "Scooter"]
[Result "1-0"]
[WhiteCountry "ENG"]
[BlackCountry "USA"]
[WhiteElo "1831"]
[WhiteRD "52"]
[BlackElo "1731"]
[BlackRD "47"]
[GameID "399777"]

1. e4 c6 2. d4 d5 3. exd5 cxd5 4. c4 Nf6 5. Nc3 e6 6. Nf3 Bb4 7. cxd5 Nxd5 8. Bd2 Bxc3 9. bxc3 O-O 10. Bd3 Nf6
11. O-O Nbd7 12. Re1 a6 13. Qe2 b5 14. Ne5 Bb7 15. Bg5 h6 16. Nxd7 Qxd7 17. Bxf6 gxf6 18. Qh5 Qd5 19. Qh3 Qg5 20. Re3 Kh8
21. Rg3 Qf4 22. Rg4 Qd2 23. f4
1-0

[Event "DRAGHIEN"]
[Site "SchemingMind.com"]
[Date "2016.05.30"]
[Round "-"]
[White "Stephen Woodhouse"]
[Black "Simon Green"]
[Result "1-0"]
[WhiteCountry "ENG"]
[BlackCountry "ENG"]
[WhiteElo "1875"]
[WhiteRD "53"]
[BlackElo "1593"]
[BlackRD "62"]
[GameID "399778"]

1. e4 e6 2. d4 d5 3. Nd2 Nf6 4. e5 Nfd7 5. Bd3 c5 6. c3 c4 7. Bc2 b5 8. Ne2 Be7 9. O-O O-O 10. f4 f5
11. Nf3 Nc6 12. a3 a5 13. Bd2 Bb7 14. Kh1 a4 15. Qe1 Rf7 16. Qg3 Nf8 17. h4 h6 18. Qh3 Ng6 19. g4 Bc8 20. gxf5 exf5
21. h5 Nf8 22. Ng3 Be6 23. Bxf5 Qd7 24. Bxe6 Nxe6 25. Nh4 Bxh4 26. Qxh4 Ne7 27. f5 Nf8 28. e6 Nxf5 29. exf7+ Qxf7 30. Nxf5 Qe6
31. Rae1 Qd7 32. Re7
1-0

[Event "DRAGHIEN"]
[Site "SchemingMind.com"]
[Date "2016.05.30"]
[Round "-"]
[White "MathiasNowak"]
[Black "Stephen Woodhouse"]
[Result "0-1"]
[WhiteCountry "INT"]
[BlackCountry "ENG"]
[WhiteElo "1292"]
[WhiteRD "120"]
[BlackElo "1849"]
[BlackRD "52"]
[GameID "399779"]

1. e4 d5 2. exd5 Qxd5 3. Nf3 c6 4. d4 Nf6 5. c4 Qd6 6. Be2 Bg4 7. Nc3 Nbd7 8. O-O O-O-O 9. Ng5 Be6 10. d5 cxd5
11. Nb5 Qa6 12. cxd5 Nxd5 13. Qc2+ Kb8 14. Bf4+ Ka8
0-1

[Event "DRAGHIEN"]
[Site "SchemingMind.com"]
[Date "2016.05.31"]
[Round "-"]
[White "Mitch The Man"]
[Black "kenneth m day"]
[Result "0-1"]
[WhiteCountry "USA"]
[BlackCountry "USA"]
[WhiteElo "1435"]
[WhiteRD "67"]
[BlackElo "1705"]
[BlackRD "53"]
[GameID "399780"]

1. e4 e5 2. Nf3 Nc6 3. c3 Nf6 4. Bd3 Bc5 5. h3 O-O 6. O-O d6 7. b4 Bb6 8. Na3 a6 9. Nc4 Ba7 10. Qe2 Bd7
11. a4 Nh5 12. Bc2 Nf4 13. Qe1 Qf6 14. Kh2 Qh6 15. Ng1 Rae8 16. d3 Qg6 17. Bxf4 exf4 18. a5 f5 19. f3 fxe4 20. dxe4 Ne5
21. Ne2 Nxc4 22. Bb3 Be6 23. Nd4 Bf7 24. Rb1 d5 25. Nf5 Be6 26. Nh4 Qg5 27. Bxc4 dxc4 28. Rd1 Rd8 29. Rxd8 Rxd8
0-1

[Event "DRAGHIEN"]
[Site "SchemingMind.com"]
[Date "2016.06.02"]
[Round "-"]
[White "Kenny Elliott"]
[Black "kenneth m day"]
[Result "1/2-1/2"]
[WhiteCountry "USA"]
[BlackCountry "USA"]
[WhiteElo "1583"]
[WhiteRD "92"]
[BlackElo "1724"]
[BlackRD "54"]
[GameID "399781"]

1. d4 d5 2. c4 e6 3. Nf3 Nf6 4. Bg5 Be7 5. Nc3 O-O 6. e3 Nbd7 7. cxd5 Nxd5 8. Bxe7 Qxe7 9. Qb3 c5 10. Bc4 N7b6
11. O-O Nxc4 12. Qxc4 b6 13. dxc5 Qxc5 14. Qxc5 bxc5 15. Nxd5 exd5 16. Rac1 c4 17. Rfd1 Bb7 18. Nd4 Rac8 19. Rc3 Rfe8 20. Rdc1 a6
21. h3 g6 22. g4 Re5 23. b3 Ree8 24. f3 Re7 25. Kf2 Kg7 26. bxc4 dxc4 27. Rxc4 Rxc4 28. Rxc4 Bd5 29. Ra4 Bb7 30. Ke2 Rd7
31. Ra5 Rd6 32. a4 Rb6 33. f4 Be4 34. Kd2 Bg2 35. h4 Bf1 36. Ke1 Bc4 37. Kd2 Bf1 38. Kc3 h6 39. Nb3 Rc6+ 40. Nc5 Kf6
41. Kd4 Rd6+ 42. Kc3 Rc6 43. Kd4 Rd6+ 44. Kc3 Rc6 45. Kd4 Rd6+ 46. Kc3=
1/2-1/2

[Event "DRAGHIEN"]
[Site "SchemingMind.com"]
[Date "2016.05.31"]
[Round "-"]
[White "echecs"]
[Black "kenneth m day"]
[Result "1-0"]
[WhiteCountry "ENG"]
[BlackCountry "USA"]
[WhiteElo "1821"]
[WhiteRD "66"]
[BlackElo "1736"]
[BlackRD "54"]
[GameID "399782"]

1. e4 e5 2. Nf3 Nc6 3. Bc4 Bc5 4. O-O Nf6 5. c3 d6 6. d4 exd4 7. cxd4 Bb6 8. h3 O-O 9. Nc3 Re8 10. Re1 Bd7
11. Bg5 h6 12. Bh4 g5 13. Bg3 Re7 14. a3 a6 15. Qd2 Qe8 16. e5 dxe5 17. Bxe5 Nxe5 18. dxe5 Nh7 19. Nd5 Re6 20. Nf6+ Nxf6
21. Bxe6 Qxe6 22. exf6 Qxf6 23. Qxd7 Qxb2 24. Qd2 Qf6 25. Rad1 Qf5 26. Re5 Qf6 27. Qd7 Kg7 28. Rf5 Qe6 29. Qxe6 fxe6 30. Rd7+
1-0

[Event "DRAGHIEN"]
[Site "SchemingMind.com"]
[Date "2016.05.30"]
[Round "-"]
[White "kenneth m day"]
[Black "David Hartley"]
[Result "1-0"]
[WhiteCountry "USA"]
[BlackCountry "ENG"]
[WhiteElo "1736"]
[WhiteRD "54"]
[BlackElo "1824"]
[BlackRD "70"]
[GameID "399783"]

1. e4 e5 2. f4 exf4 3. Nf3 g5 4. h4 g4 5. Ne5 Nf6 6. Bc4 d5 7. exd5 Bd6 8. d4 Nh5 9. Nc3 Qe7 10. Bb5+ Bd7
11. Qxg4 Bxe5 12. Bxd7+ Nxd7 13. dxe5 Qxe5+ 14. Qe2 O-O-O 15. Qxe5 Nxe5 16. O-O Ng6 17. Bd2 Nf6 18. Bxf4 Nxd5 19. Bd2 Nxh4 20. Bg5 Nxg2
21. Bxd8 Rg8 22. Nxd5 Ne3+ 23. Kf2 Nxf1 24. Ne7+
1-0

[Event "DRAGHIEN"]
[Site "SchemingMind.com"]
[Date "2016.06.01"]
[Round "-"]
[White "emvarela"]
[Black "kenneth m day"]
[Result "1/2-1/2"]
[WhiteCountry "ARG"]
[BlackCountry "USA"]
[WhiteElo "1693"]
[WhiteRD "50"]
[BlackElo "1736"]
[BlackRD "54"]
[GameID "399784"]

1. e4 e5 2. Nf3 Nc6 3. Bb5 d6 4. d4 exd4 5. Qxd4 Bd7 6. Bxc6 Bxc6 7. O-O Nf6 8. Bg5 Be7 9. Nc3 O-O 10. Rfe1 h6
11. Bxf6 Bxf6 12. e5 dxe5 13. Qxd8 Raxd8 14. Nxe5 Bxe5 15. Rxe5 Rfe8 16. Rxe8+ Rxe8=
1/2-1/2

[Event "DRAGHIEN"]
[Site "SchemingMind.com"]
[Date "2016.05.30"]
[Round "-"]
[White "kenneth m day"]
[Black "Phillip Beckett"]
[Result "1-0"]
[WhiteCountry "USA"]
[BlackCountry "ENG"]
[WhiteElo "1705"]
[WhiteRD "53"]
[BlackElo "1572"]
[BlackRD "52"]
[GameID "399785"]

1. e4 e5 2. f4 Qh4+ 3. g3 Qe7 4. d3 exf4 5. Bxf4 d5 6. Nc3 c6 7. Be2 dxe4 8. Nxe4 Nf6 9. Nf3 Nxe4 10. dxe4 Qxe4
11. O-O Bc5+ 12. Kh1 O-O 13. Bd3 Qe7 14. Qd2 Bg4 15. Rae1 Qd7 16. Qc3 Bb6 17. Be4 Na6 18. Ne5 Qc8 19. Qd3 Bh3 20. Rf3 g6
21. Bh6 Bg4 22. Rf4 Nc5 23. Qc4 Re8 24. Qxf7+ Kh8 25. Qg7#
1-0

[Event "DRAGHIEN"]
[Site "SchemingMind.com"]
[Date "2016.05.30"]
[Round "-"]
[White "kenneth m day"]
[Black "Scooter"]
[Result "0-1"]
[WhiteCountry "USA"]
[BlackCountry "USA"]
[WhiteElo "1724"]
[WhiteRD "54"]
[BlackElo "1777"]
[BlackRD "56"]
[GameID "399786"]

1. e4 c6 2. c4 d5 3. cxd5 cxd5 4. exd5 Qxd5 5. Nc3 Qd8 6. d4 Nf6 7. Bc4 g6 8. Bg5 Bg7 9. Nf3 O-O 10. Rc1 Bg4
11. Be2 Nbd7 12. h3 Bxf3 13. Bxf3 Qb6 14. Qd2 Qe6+ 15. Be3 Qa6 16. Be2 Qe6 17. O-O Nd5 18. Nxd5 Qxd5 19. Bc4 Qd6 20. Rfd1 Nb6
21. Bb3 Rac8 22. Qe2 Rxc1 23. Rxc1 Rc8 24. Rxc8+ Nxc8 25. Qf3 e6 26. Qxb7 Qd8 27. Qb4 Nb6 28. a4 Nd5 29. Qb7 Nxe3 30. fxe3 Qa5
31. Qf3 Qb6 32. Qd1 Bh6 33. Qd3 Qb4 34. Kf2 a5 35. Qc3 Qb8 36. g3 Qb7 37. h4 Bf8 38. Bc4 Bb4 39. Qd3 Qh1 40. Qf1 Qe4
41. Bd3 Qd5 42. Bc4 Qf5+ 43. Kg1 Qc2 44. b3 Bd2 45. Kf2 Qf5+ 46. Ke2 Qxf1+ 47. Kxf1 Bxe3 48. d5 exd5 49. Bxd5 Kg7 50. Ke2 Bc5
51. g4 f5 52. Bf3 fxg4 53. Bxg4 h5 54. Bf3 Be7 55. Ke3 Bxh4 56. Kf4 g5+ 57. Kf5 g4 58. Bxg4 hxg4 59. Kxg4 Be1 60. Kf5 Kf7
61. Ke5 Ke7 62. Kd5 Kf6 63. Kc5 Ke5 64. Kc4 Ke4 65. Kc5 Kd3 66. Kb5 Kc2 67. Kc4 Kb2 68. b4 Bxb4 69. Kb5 Ka3 70. Kc4 Kxa4
71. Kd3 Kb3
0-1

[Event "DRAGHIEN"]
[Site "SchemingMind.com"]
[Date "2016.05.30"]
[Round "-"]
[White "kenneth m day"]
[Black "Simon Green"]
[Result "0-1"]
[WhiteCountry "USA"]
[BlackCountry "ENG"]
[WhiteElo "1736"]
[WhiteRD "54"]
[BlackElo "1600"]
[BlackRD "58"]
[GameID "399787"]

1. e4 e6 2. d4 d5 3. Nd2 Nf6 4. e5 Nfd7 5. Bd3 c5 6. c3 c4 7. Bc2 b5 8. Qg4 g6 9. Ndf3 f5 10. Qg3 Bg7
11. Bg5 Qa5 12. Ne2 Nc6 13. h4 Ba6 14. h5 Ne7 15. Nf4 Qb6 16. hxg6 h6 17. Bxe7 Kxe7 18. Nh5 Rag8 19. O-O-O b4 20. Qh4+ Ke8
21. Nf6+ Bxf6 22. exf6 Rxg6 23. Ne5 Nxe5 24. dxe5 Rxg2 25. Qh5+ Kf8 26. f4 Qf2
0-1

[Event "DRAGHIEN"]
[Site "SchemingMind.com"]
[Date "2016.05.30"]
[Round "-"]
[White "kenneth m day"]
[Black "Stephen Woodhouse"]
[Result "0-1"]
[WhiteCountry "USA"]
[BlackCountry "ENG"]
[WhiteElo "1705"]
[WhiteRD "53"]
[BlackElo "1875"]
[BlackRD "53"]
[GameID "399788"]

1. e4 d5 2. exd5 Qxd5 3. Nc3 Qd6 4. d4 c6 5. Nf3 Nf6 6. Be2 Bg4 7. O-O Nbd7 8. Bg5 e6 9. Re1 Be7 10. h3 Bh5
11. Qd2 O-O 12. Rad1 Nd5 13. Nxd5 cxd5 14. Bf4 Qb4 15. c3 Qb6 16. Ne5 Bxe2 17. Rxe2 Nxe5 18. Rxe5 Bd6 19. Rh5 Bxf4 20. Qxf4 Qxb2
21. Qd2 Qxd2 22. Rxd2 Rfc8 23. Rc2 Rc4 24. Rg5 Rac8 25. Rb2 b6 26. Rg3 Rxc3 27. Rxc3 Rxc3
0-1